000 00407nam a2200157Ia 4500
008 231217s9999 xx 000 0 und d
041 _aEnglish
082 _a001.424 TAH;3
100 _aTaha, Hamdy A.
245 0 _aOperations research : An introduction
250 _a4th ed.
260 _c1987
_bNew York : MacMillan,
300 _axv+876
650 _aOperation research Mechanical
942 _cAA
999 _c160210
_d160210